000 00579nam a2200193Ia 4500
005 20260120125930.0
008 008 260114s9999 xx 000 0 eng d
020 _a9780191710360
037 _aEBOOK
040 _aCRL
_beng
_cCRL
041 _aeng
_2eng
084 _qCRL
100 _aBooij, Geert
_9909056
245 4 _aThe Grammar of Words: An Introduction to Linguistic Morphology (2nd edn)
260 _bOUPOxford University Press
_c2007
856 _uhttp://dx.doi.org/10.1093/acprof:oso/9780199226245.001.0001
942 _cEBOOK
999 _c1500952
_d1500952